000 00512nam a2200205Ia 4500
005 20250923144712.0
008 008 250917s9999 xx 000 0 eng d
037 _aTextual
040 _aDSWL
_beng
_cDSWL
041 _aeng
_2eng
084 _qDSWL
100 _aDave, P.C.
_9827530
245 4 _aThe grasiar
_cby P.C. Dave
260 _aDelhi
_bBharti Sevak Sangh
_c1960
300 _axii,181p.
365 _aINR
_b7.50
925 _g7.50
942 _cTEXL
999 _c1442248
_d1442248